| 000 | 00808 a2200193 4500 | ||
|---|---|---|---|
| 003 | Nust | ||
| 005 | 20230301075200.0 | ||
| 020 | _a812391492x | ||
| 040 | _cNust | ||
| 082 | _a940.2,DAY | ||
| 100 |
_aDayal, Raghubir _96693 |
||
| 245 |
_aA Textbook of Modern Europnan History / _cRaghubir Dayal |
||
| 250 | _a2nd Ed | ||
| 260 |
_aNew Delhi _bCBS Publishers _c2007 |
||
| 300 | _a600 | ||
| 505 | _aEurope in the 18th Century (Page-1), The Treaty of Tilsit,1807 (Page-99), Concert of Europe (Page-137), The Revolution of 1830 (Page-143), Reaction in Europe (Page-151), In the Austrian Empire and Italy (Page-174) Reaction in Germany (Page-188), The War of Greek Independence (Page-257), Democracy and Dictatorship (Page-397). | ||
| 650 |
_aA textbook of modern europnan history _9109670 |
||
| 942 |
_2ddc _cBK |
||
| 999 |
_c187084 _d187084 |
||